=LDR 00000nam 2200000 4500 =001 INLIS000000000020329 =005 20130612115304 =008 ***********************************Ind** =035 ##$$0010-061300000020329 =041 ##$$a Ind =082 ##$$a 371.1 =090 ##$$a 371.1, Jam r =100 ##$$a Jamarah, Syaiful Bahri =245 ##$$a Rahasia sukses belJr, oleh Drs. Syaiful Bahri Djamarah =260 ##$$a 2002 $b Jakarta =300 ##$$a x, 133 hlm, 21 cm =650 ##$$a Belajar =850 ##$$a NBPNMAT